000
00270nam a2200109Ia 4500
008
230320s9999||||xx |||||||||||||| ||spa||
082
_a
878.1/C46
100
_a
Cayo, Julio Cesar
245
0
_a
Comentarios De La Guerra De Las Galias
260
_b
AGUILAR
942
_8
0
_c
LIB
999
_c
32416
_d
32416